[Event "Torneo Grandi Maestri"]
[Site "Frascati ITA"]
[Date "2005.05.27"]
[Round "7"]
[White "Bruno, Fabio"]
[Black "Corvi, Marco"]
[Result "1-0"]
[WhiteElo "2374"]
[BlackElo "2325"]
[PlyCount "85"]
[EventDate "2005.05.21"]

1. d4 f5 2. g3 Nf6 3. Bg2 d6 4. Nf3 g6 5. b4 Bg7 6. Bb2 Ne4 7. c4 c6 8. O-O O-O
9. Qc2 Be6 10. Ne1 d5 11. c5 Nd7 12. Nd3 Kh8 13. e3 Bg8 14. f3 Nef6 15. Nd2 Qc7
16. a4 a6 17. Ne5 Nxe5 18. dxe5 Nd7 19. f4 Rfc8 20. Bd4 Nf8 21. Ra3 Ne6 22. Nb3
Qd7 23. Rfa1 Nc7 24. Bf1 Be6 25. Na5 Rab8 26. b5 axb5 27. axb5 Nxb5 28. Bxb5
cxb5 29. Qb2 g5 30. Rb3 gxf4 31. exf4 Qe8 32. Rxb5 Bd7 33. Rb6 e6 34. Nxb7 Bf8
35. Nd6 Bxd6 36. exd6+ Kg8 37. Rxb8 Rxb8 38. Qe2 Ra8 39. Rxa8 Qxa8 40. Qe5 Qf8
41. Qh8+ Kf7 42. Qxh7+ Ke8 43. Bg7 1-0

[Event "Torneo Grandi Maestri"]
[Site "Frascati ITA"]
[Date "2005.05.27"]
[Round "7"]
[White "Guliyev, Namig"]
[Black "Khenkin, Igor"]
[Result "1/2-1/2"]
[WhiteElo "2526"]
[BlackElo "2610"]
[PlyCount "64"]
[EventDate "2005.05.21"]

1. e4 c6 2. d4 d5 3. exd5 cxd5 4. c4 Nf6 5. Nc3 e6 6. Nf3 Bb4 7. Bd3 dxc4 8.
Bxc4 O-O 9. O-O a6 10. a4 Nc6 11. Bg5 h6 12. Bh4 Be7 13. Re1 Nh5 14. Bxe7 Nxe7
15. d5 exd5 16. Nxd5 Nxd5 17. Qxd5 Qxd5 18. Bxd5 Nf4 19. Be4 a5 20. Rac1 Rb8
21. g3 Nh3+ 22. Kg2 b5 23. b4 axb4 24. axb5 Ng5 25. Nxg5 hxg5 26. Bc6 Be6 27.
Rb1 Rfc8 28. Rxe6 fxe6 29. Bd7 Rc5 30. Rxb4 Kf7 31. Re4 e5 32. Re2 Kf6 1/2-1/2

[Event "Torneo Grandi Maestri"]
[Site "Frascati ITA"]
[Date "2005.05.27"]
[Round "7"]
[White "Vocaturo, Daniele"]
[Black "Rombaldoni, Denis"]
[Result "1/2-1/2"]
[WhiteElo "2303"]
[BlackElo "2336"]
[PlyCount "200"]
[EventDate "2005.05.21"]

1. e4 c6 2. c4 d5 3. exd5 cxd5 4. cxd5 Nf6 5. Nc3 Nxd5 6. Nf3 Nc6 7. Bb5 e6 8.
O-O a6 9. Bxc6+ bxc6 10. d4 Be7 11. Na4 O-O 12. Bd2 a5 13. Ne5 Qc7 14. Rc1 Ba6
15. Re1 Bb5 16. Nc5 a4 17. Qg4 Bxc5 18. Rxc5 f5 19. Qg3 Rac8 20. Nf3 Qd7 21.
Qe5 Rce8 22. Ng5 h6 23. Nf3 Nf6 24. Rcc1 Ne4 25. Bb4 Rf7 26. Qf4 Qd5 27. a3 Rb7
28. Qe3 Rd8 29. Red1 Kh7 30. Ne5 c5 31. Bc3 Nxc3 32. bxc3 Ba6 33. Qg3 c4 34.
Qg6+ Kg8 35. Re1 Rf8 36. Re3 Bb5 37. Rg3 Kh8 38. Qh5 Be8 39. Qe2 Rb3 40. Qxc4
Qxc4 41. Nxc4 Bh5 42. Re3 Rc8 43. Ne5 Rxa3 44. c4 Ra2 45. c5 Rd2 46. Rd3 Rxd3
47. Nxd3 Kg8 48. h4 Kf8 49. Ne5 Be8 50. Kf1 Bb5+ 51. Ke1 Rd8 52. c6 Ke7 53. c7
Rc8 54. Rc5 Ba6 55. Kd2 Bf1 56. g3 Kd6 57. Rc1 Bb5 58. Rc5 Bf1 59. Rc6+ Kd5 60.
Ke3 g5 61. f4 gxf4+ 62. gxf4 a3 63. Rc1 a2 64. Rxf1 Rxc7 65. Nd3 Rc3 66. Kd2
Kxd4 67. Nc1 Ra3 68. Ne2+ Kd5 69. Ra1 Ke4 70. Kc2 Ke3 71. Nc3 Kxf4 72. Nxa2 Rh3
73. Nc3 Rxh4 74. Kd2 e5 75. Rf1+ Kg5 76. Ne2 f4 77. Ra1 Rh2 78. Rf1 e4 79. Rg1+
Kf5 80. Kd1 f3 81. Nd4+ Kf4 82. Rg8 Rh1+ 83. Kc2 f2 84. Rf8+ Ke5 85. Nc6+ Kd6
86. Rf6+ Kc5 87. Rxf2 Kxc6 88. Rf5 Kd6 89. Kd2 Ke6 90. Ra5 Rh3 91. Ke2 h5 92.
Rb5 Kf6 93. Ra5 h4 94. Rh5 Rh1 95. Ke3 h3 96. Kf2 h2 97. Kg2 e3 98. Kxh1 e2 99.
Rh6+ Ke5 100. Rh5+ Ke4 1/2-1/2

[Event "Torneo Grandi Maestri"]
[Site "Frascati ITA"]
[Date "2005.05.28"]
[Round "8"]
[White "Corvi, Marco"]
[Black "Ronchetti, Niccolo'"]
[Result "0-1"]
[WhiteElo "2325"]
[BlackElo "2364"]
[PlyCount "68"]
[EventDate "2005.05.21"]

1. c4 c5 2. Nc3 g6 3. g3 Bg7 4. Bg2 Nc6 5. e4 d6 6. Nge2 e6 7. d3 Nge7 8. O-O
O-O 9. Rb1 b6 10. a3 Bb7 11. b4 Qd7 12. Bg5 h6 13. Bf4 f5 14. Qd2 Kh7 15. Be3
Nd4 16. f4 Rad8 17. Bf2 Qc8 18. Nxd4 cxd4 19. Ne2 e5 20. Qc2 Qa8 21. Be1 Ng8
22. Nc1 fxe4 23. dxe4 Nf6 24. fxe5 dxe5 25. Rxf6 Bxf6 26. Qd3 Bg5 27. h4 Be3+
28. Kh2 Qc8 29. Nb3 Qg4 30. c5 g5 31. b5 gxh4 32. gxh4 Rg8 33. Rb2 Qf4+ 34. Kh1
Rxg2 0-1

[Event "Torneo Grandi Maestri"]
[Site "Frascati ITA"]
[Date "2005.05.28"]
[Round "8"]
[White "Khenkin, Igor"]
[Black "Bruno, Fabio"]
[Result "1/2-1/2"]
[WhiteElo "2610"]
[BlackElo "2374"]
[PlyCount "120"]
[EventDate "2005.05.21"]

1. d4 d5 2. c4 c6 3. e3 Nf6 4. Bd3 e6 5. Nf3 dxc4 6. Bxc4 Nbd7 7. O-O Bd6 8.
Nc3 O-O 9. e4 e5 10. Be3 Qe7 11. Bb3 Bc7 12. Qc2 Ng4 13. Nd5 cxd5 14. Qxc7 dxe4
15. Nxe5 Ngxe5 16. dxe5 Qxe5 17. Rac1 a5 18. Rfd1 a4 19. Bd5 Qxc7 20. Rxc7 Nf6
21. Bxb7 Bxb7 22. Rxb7 Rfb8 23. Rxb8+ Rxb8 24. Bf4 Rc8 25. Rd4 h6 26. h3 Rc2
27. Be5 a3 28. bxa3 Rxa2 29. a4 Ra1+ 30. Kh2 Ra2 31. Kg1 Ra1+ 32. Kh2 Ra2 33.
Kg3 Nh5+ 34. Kh4 Rxf2 35. Rxe4 Nf6 36. Bxf6 Rxf6 37. a5 Ra6 38. Ra4 f5 39. Kg3
Kf7 40. Kf3 Ke6 41. Ke3 Ke5 42. g3 g5 43. Ra1 Kd5 44. Kd3 Kc5 45. Kc3 h5 46.
Kd3 Kb5 47. Kd4 Rxa5 48. Rxa5+ Kxa5 49. Ke5 f4 50. gxf4 g4 51. hxg4 hxg4 52.
Ke4 Kb6 53. f5 Kc6 54. Kf4 Kd7 55. Kxg4 Ke7 56. Kg5 Kf7 57. f6 Kf8 58. Kf5 Kf7
59. Ke5 Kf8 60. Ke6 Ke8 1/2-1/2

[Event "Torneo Grandi Maestri"]
[Site "Frascati ITA"]
[Date "2005.05.28"]
[Round "8"]
[White "Rombaldoni, Denis"]
[Black "Guliyev, Namig"]
[Result "0-1"]
[WhiteElo "2336"]
[BlackElo "2526"]
[PlyCount "94"]
[EventDate "2005.05.21"]

1. d4 Nf6 2. Nf3 g6 3. c4 Bg7 4. g3 O-O 5. Bg2 d6 6. O-O Nbd7 7. Nc3 e5 8. e4
c6 9. h3 Re8 10. Qc2 h6 11. Be3 exd4 12. Nxd4 Nc5 13. Rad1 Qe7 14. Rfe1 Bd7 15.
Bf4 Rad8 16. b4 Na6 17. a3 Nh5 18. Be3 Nc7 19. g4 Nf6 20. Bf4 Bc8 21. Bg3 Nh7
22. Kh2 Nf8 23. b5 Nfe6 24. Nb3 Be5 25. bxc6 bxc6 26. Na5 Qf6 27. Ne2 Qxf2 28.
Qd2 Ng5 29. Rf1 Nf3+ 30. Kh1 Qxg3 31. Nxg3 Nxd2 32. Rxd2 Bxg3 33. Nxc6 Rd7 34.
Nb8 Rde7 35. Nc6 Re6 36. Nd4 Re5 37. Rd3 Bh4 38. Nf3 Bf6 39. Nxe5 Bxe5 40. Rdf3
Be6 41. Rc1 Na6 42. Rb3 Nc5 43. Rb5 Kg7 44. Ra5 a6 45. Rc2 Rb8 46. Bf3 Rb3 47.
Kg2 Rc3 0-1

[Event "Torneo Grandi Maestri"]
[Site "Frascati ITA"]
[Date "2005.05.29"]
[Round "9"]
[White "Bruno, Fabio"]
[Black "Rombaldoni, Denis"]
[Result "1/2-1/2"]
[WhiteElo "2374"]
[BlackElo "2336"]
[PlyCount "31"]
[EventDate "2005.05.21"]

1. d4 Nf6 2. Nf3 e6 3. Bf4 d5 4. e3 Bd6 5. Bg3 O-O 6. Nbd2 b6 7. Bd3 Bb7 8. O-O
Bxg3 9. hxg3 c5 10. c3 Nbd7 11. Qe2 Qe7 12. e4 dxe4 13. Nxe4 Nxe4 14. Bxe4 Bxe4
15. Qxe4 Nf6 16. Qe2 1/2-1/2

[Event "Torneo Grandi Maestri"]
[Site "Frascati ITA"]
[Date "2005.05.29"]
[Round "9"]
[White "Garcia Palermo, Carlos Horacio"]
[Black "Corvi, Marco"]
[Result "1-0"]
[WhiteElo "2459"]
[BlackElo "2325"]
[PlyCount "67"]
[EventDate "2005.05.21"]

1. d4 f5 2. Nf3 Nf6 3. Bf4 d6 4. h3 g6 5. e3 Bg7 6. Bc4 e6 7. g4 Qe7 8. Nc3
Nbd7 9. gxf5 gxf5 10. Rg1 Nb6 11. Bb3 Bd7 12. a4 a5 13. Nb5 Bxb5 14. axb5 Nbd5
15. Bg5 b6 16. Nh4 Qf7 17. Nxf5 exf5 18. Bxf6 Qxf6 19. Qh5+ Ke7 20. Bxd5 Rae8
21. Kd2 f4 22. Qg5 Bh6 23. Qxf6+ Kxf6 24. e4 Re7 25. Ra4 Bg5 26. Ke2 Rhe8 27.
Kf3 Rg7 28. Rc4 Rge7 29. Rc6 h6 30. h4 Bxh4 31. e5+ Kf5 32. Be4+ Ke6 33. Rg6+
Kd7 34. Bf5+ 1-0

[Event "Torneo Grandi Maestri"]
[Site "Frascati ITA"]
[Date "2005.05.29"]
[Round "9"]
[White "Guliyev, Namig"]
[Black "Ortega, Lexy"]
[Result "1/2-1/2"]
[WhiteElo "2526"]
[BlackElo "2439"]
[PlyCount "129"]
[EventDate "2005.05.21"]

1. e4 c5 2. Nf3 e6 3. d4 cxd4 4. Nxd4 a6 5. Bd3 Bc5 6. Nb3 Ba7 7. O-O Nc6 8. c4
Nf6 9. Nc3 d6 10. Qe2 e5 11. Be3 Nd4 12. Bxd4 exd4 13. Nd5 O-O 14. Rad1 Re8 15.
Kh1 Be6 16. Qf3 Ng4 17. Qg3 Rc8 18. Nd2 Ne5 19. h3 h5 20. Be2 h4 21. Qb3 Bxd5
22. exd5 Rc7 23. Nf3 d3 24. Bxd3 Nxf3 25. gxf3 Qf6 26. Bb1 g6 27. Qd3 Qxb2 28.
f4 Qf6 29. f5 g5 30. Rde1 Re5 31. Rxe5 Qxe5 32. Qd2 Qf4 33. Qxf4 gxf4 34. Bd3
Kg7 35. Kg2 Rc5 36. Rb1 Ra5 37. Rxb7 Bd4 38. Bb1 Ra4 39. Re7 Ra3 40. Re4 f3+
41. Kg1 Bc5 42. Rxh4 Rc3 43. Be4 Rc1+ 44. Kh2 Ra1 45. Rg4+ Kf6 46. Kg3 Rxa2 47.
h4 a5 48. h5 Rxf2 49. Bxf3 Rb2 50. Rg8 Bd4 51. Kf4 Be5+ 52. Ke4 Rc2 53. Rc8 a4
54. Bd1 Rh2 55. Bxa4 Rxh5 56. Bd7 Ke7 57. Bb5 Rh4+ 58. Kd3 Kf6 59. Rc7 Rh3+ 60.
Kc2 Rc3+ 61. Kb1 Kxf5 62. Rxf7+ Ke4 63. Rc7 Kd4 64. Rh7 Kc5 65. Rb7 1/2-1/2

[Event "Torneo Grandi Maestri"]
[Site "Frascati ITA"]
[Date "2005.05.29"]
[Round "9"]
[White "Ronchetti, Niccolo'"]
[Black "Khenkin, Igor"]
[Result "0-1"]
[WhiteElo "2364"]
[BlackElo "2610"]
[PlyCount "144"]
[EventDate "2005.05.21"]

1. e4 c5 2. Nf3 Nc6 3. Bb5 d6 4. O-O Bd7 5. Re1 a6 6. Bxc6 Bxc6 7. d4 cxd4 8.
Qxd4 e5 9. Qd3 h6 10. c4 Nf6 11. Nc3 Be7 12. a4 O-O 13. a5 b6 14. axb6 Qxb6 15.
Be3 Qb7 16. Nd2 Ng4 17. Nf1 f5 18. f3 fxe4 19. Nxe4 Bxe4 20. fxe4 Rab8 21. h3
Nxe3 22. Nxe3 Qa7 23. Re2 Bg5 24. b3 Qb6 25. Rb1 Rf4 26. Kh2 Qd4 27. Qxd4 exd4
28. Nd5 d3 29. Rd2 Rxe4 30. Rxd3 Rxc4 31. Re1 Rc2 32. Kg3 Rf8 33. h4 Bc1 34.
Rf3 Rxf3+ 35. gxf3 Bb2 36. Re8+ Kh7 37. Re6 Rd2 38. Ne7 Be5+ 39. Kg4 Rd4+ 40.
Kh3 Bf6 41. Nf5 Rf4 42. Nxd6 Rxf3+ 43. Kg4 Rxb3 44. Ne4 Rb4 45. Kf3 Bxh4 46.
Rxa6 h5 47. Rc6 Ra4 48. Rb6 Ra7 49. Rc6 Rf7+ 50. Kg2 Rf4 51. Re6 g6 52. Re8 Kg7
53. Nd6 Rf2+ 54. Kh3 Bf6 55. Re6 g5 56. Kg3 Rf4 57. Re4 Rxe4 58. Nxe4 Be5+ 59.
Kh3 g4+ 60. Kh4 Kg6 61. Nf2 Bf6+ 62. Kg3 Kf5 63. Nh3 h4+ 64. Kf2 Bd4+ 65. Kg2
Be3 66. Kh2 Ke4 67. Kg2 Kd3 68. Kh2 Ke2 69. Kg2 g3 70. Kh1 Kf3 71. Nf2 gxf2 72.
Kh2 f1=R 0-1

[Event "Torneo Grandi Maestri"]
[Site "Frascati ITA"]
[Date "2005.05.29"]
[Round "9"]
[White "Vocaturo, Daniele"]
[Black "Miladinovic, Igor"]
[Result "0-1"]
[WhiteElo "2303"]
[BlackElo "2604"]
[PlyCount "98"]
[EventDate "2005.05.21"]

1. e4 c5 2. Nf3 Nc6 3. d4 cxd4 4. Nxd4 Qc7 5. Nc3 e6 6. Be3 a6 7. Bd3 Nf6 8.
O-O h5 9. h3 b5 10. Nxc6 Qxc6 11. a3 Bb7 12. Re1 Rc8 13. Bd4 Be7 14. Qf3 Kf8
15. b4 Qc7 16. Nb1 Bd6 17. Nd2 Bh2+ 18. Kf1 Be5 19. Qe3 Bxd4 20. Qxd4 e5 21.
Qb2 h4 22. Rac1 Nh5 23. c4 Qd6 24. Be2 Nf4 25. cxb5 Rxc1 26. Qxc1 axb5 27. Rd1
Qc6 28. Nb3 Nxe2 29. Qxc6 Ng3+ 30. fxg3 Bxc6 31. Na5 Bxe4 32. Rxd7 Rh6 33. gxh4
Rxh4 34. Nb7 Rf4+ 35. Kg1 Rf6 36. Nc5 Bc6 37. Rd2 Ke7 38. Kh2 Rd6 39. Re2 f6
40. h4 Rd4 41. g3 Rd1 42. Kh3 Bf3 43. Rf2 Rh1+ 44. Rh2 Ra1 45. Rd2 e4 46. Rd7+
Ke8 47. g4 e3 48. Rxg7 e2 49. Nd3 Rd1 0-1

[Event "XI Weekend A"]
[Site "Ivrea ITA"]
[Date "2005.05.27"]
[Round "1"]
[White "Aglietti, Graziano"]
[Black "Ameri, Vincent"]
[Result "1-0"]
[WhiteElo "2048"]
[BlackElo "1900"]
[PlyCount "53"]
[EventDate "2005.05.27"]

1. e4 e5 2. Nf3 Nc6 3. Bc4 Nf6 4. Nc3 Nxe4 5. Bxf7+ Kxf7 6. Nxe4 d5 7. Ng3 Be7
8. d3 Rf8 9. Qe2 Bf6 10. h3 Qd6 11. O-O Kg8 12. Bd2 Bd7 13. Rab1 Rae8 14. b4
Ne7 15. b5 Qe6 16. Rfe1 Ng6 17. a4 Qf7 18. Bb4 Nf4 19. Qe3 Bxh3 20. gxh3 Qd7
21. Bxf8 Qxh3 22. Nh4 Qxh4 23. Ba3 Bg5 24. Qf3 Re6 25. Nf5 Nh3+ 26. Kg2 Qxa4
27. Nh6+ 1-0

[Event "XI Weekend A"]
[Site "Ivrea ITA"]
[Date "2005.05.27"]
[Round "1"]
[White "Castellano, Alfonso"]
[Black "Ranieri, Fabrizio"]
[Result "0-1"]
[WhiteElo "1913"]
[BlackElo "2198"]
[PlyCount "46"]
[EventDate "2005.05.27"]

1. c4 e6 2. g3 d5 3. Bg2 Nf6 4. Nf3 Be7 5. O-O O-O 6. b3 c5 7. Bb2 Nc6 8. d3 d4
9. Nbd2 e5 10. Ne1 Bg4 11. h3 Be6 12. Nc2 Qd7 13. Kh2 Ne8 14. Qe1 f5 15. f4
exf4 16. gxf4 Bd6 17. Kh1 Nf6 18. Qh4 Ne7 19. Rf2 Ng6 20. Qg5 Be7 21. Qg3 Nh5
22. Qf3 Ngxf4 23. Qxb7 Nxh3 0-1

[Event "XI Weekend A"]
[Site "Ivrea ITA"]
[Date "2005.05.27"]
[Round "1"]
[White "Guglielmi, Nicolo'"]
[Black "Castaldo, Folco"]
[Result "0-1"]
[WhiteElo "1980"]
[BlackElo "2361"]
[PlyCount "58"]
[EventDate "2005.05.27"]

1. Nf3 f5 2. e4 fxe4 3. Ng5 Nf6 4. d3 exd3 5. Bxd3 c6 6. Bxh7 Rxh7 7. Nxh7 Qa5+
8. Nc3 Nxh7 9. Qd3 Ng5 10. Qg6+ Nf7 11. O-O d6 12. g4 Nd7 13. f4 Nf6 14. f5 Nd7
15. Bd2 Nde5 16. Qh5 Qb6+ 17. Kg2 Bd7 18. a4 O-O-O 19. a5 Qd4 20. Bf4 e6 21.
Rae1 Be7 22. Re4 Qc5 23. Qh3 Rh8 24. Be3 Qxa5 25. Qg3 c5 26. fxe6 Bxe6 27. Ra4
Qb6 28. Rfa1 Qc6+ 29. Kf2 Bh4 0-1

[Event "XI Weekend A"]
[Site "Ivrea ITA"]
[Date "2005.05.27"]
[Round "1"]
[White "Laurenti, Stefano"]
[Black "Perissinotto, Claudio"]
[Result "0-1"]
[WhiteElo "1868"]
[BlackElo "2098"]
[PlyCount "50"]
[EventDate "2005.05.27"]

1. e4 c5 2. Nc3 Nc6 3. f4 g6 4. Bb5 Nd4 5. Nf3 Nxb5 6. Nxb5 Bg7 7. O-O d6 8. d3
Nf6 9. Qe1 O-O 10. Kh1 Bd7 11. Nc3 b5 12. Qh4 b4 13. Nd1 a5 14. Ne3 e6 15. f5
exf5 16. exf5 d5 17. g4 d4 18. Nc4 Nd5 19. Bg5 f6 20. fxg6 hxg6 21. Rae1 fxg5
22. Nxg5 Rxf1+ 23. Rxf1 Nf6 24. Ne5 Be8 25. Ne6 Qd5+ 0-1

[Event "XI Weekend A"]
[Site "Ivrea ITA"]
[Date "2005.05.27"]
[Round "1"]
[White "Rodriguez Alvarez, Alan"]
[Black "Gussone, Claudio"]
[Result "1/2-1/2"]
[WhiteElo "2103"]
[BlackElo "1911"]
[PlyCount "99"]
[EventDate "2005.05.27"]

1. e4 d6 2. d4 Nf6 3. Nc3 g6 4. f4 Bg7 5. Nf3 O-O 6. Bc4 Nxe4 7. Nxe4 d5 8. Bd3
dxe4 9. Bxe4 c6 10. O-O Bg4 11. c3 Nd7 12. h3 Nf6 13. Bd3 Bxf3 14. Qxf3 Qd5 15.
Qe2 e6 16. Bd2 Rfd8 17. Bc4 Qe4 18. Rae1 Qxe2 19. Rxe2 Rd7 20. Be1 Nd5 21. Bh4
b5 22. Bxd5 cxd5 23. g4 b4 24. f5 exf5 25. gxf5 bxc3 26. f6 Bf8 27. bxc3 h6 28.
Rfe1 Kh7 29. Re8 Rdd8 30. Rxd8 Rxd8 31. Rb1 Rd7 32. Bg3 g5 33. Rb5 Kg6 34. Be5
Kf5 35. c4 dxc4 36. Bd6+ Kg6 37. Bxf8 Rxd4 38. Bb4 Rd3 39. Rc5 Rxh3 40. Rxc4 h5
41. a4 Rf3 42. Bc3 Re3 43. a5 a6 44. Kf2 Re6 45. Rb4 Rc6 46. Be1 Rxf6+ 47. Kg2
Re6 48. Rb6 Kf5 49. Bf2 f6 50. Bg3 1/2-1/2

[Event "XI Weekend A"]
[Site "Ivrea ITA"]
[Date "2005.05.27"]
[Round "1"]
[White "Sbarra, Marco"]
[Black "Rosso, Marco"]
[Result "1-0"]
[WhiteElo "2260"]
[BlackElo "1958"]
[PlyCount "71"]
[EventDate "2005.05.27"]

1. e4 g6 2. d4 Bg7 3. c4 d6 4. Nc3 Nd7 5. Nf3 c5 6. Be2 cxd4 7. Nxd4 Ngf6 8.
O-O O-O 9. Be3 Nc5 10. f3 Nfd7 11. Qd2 Ne5 12. Rac1 Ne6 13. Nb3 b6 14. Nd5 Nc5
15. Nd4 Bd7 16. b4 Ne6 17. Nb3 Bc6 18. Rfd1 f5 19. exf5 Rxf5 20. f4 Nd7 21. Bg4
Nf6 22. Bxf5 gxf5 23. Nxf6+ Bxf6 24. c5 dxc5 25. Qxd8+ Rxd8 26. Rxd8+ Nxd8 27.
bxc5 bxc5 28. Rxc5 Be4 29. Rc8 e6 30. Bxa7 Kf7 31. Bd4 Nc6 32. Rc7+ Ne7 33.
Bxf6 Kxf6 34. g3 Bb1 35. a4 Ba2 36. Nc5 1-0

[Event "XI Weekend A"]
[Site "Ivrea ITA"]
[Date "2005.05.28"]
[Round "2"]
[White "Castaldo, Folco"]
[Black "Aglietti, Graziano"]
[Result "1-0"]
[WhiteElo "2361"]
[BlackElo "2048"]
[PlyCount "113"]
[EventDate "2005.05.27"]

1. Nf3 d5 2. d4 Nf6 3. c4 c6 4. Nc3 a6 5. a4 dxc4 6. e3 Be6 7. Ng5 Qd7 8. a5 h6
9. Nxe6 Qxe6 10. Qa4 Nbd7 11. Bxc4 Qg4 12. O-O e6 13. Bd2 Bd6 14. Be2 Qh4 15.
f4 Nd5 16. Ne4 Bc7 17. Nf2 Qe7 18. Nd3 O-O 19. e4 N5f6 20. Bf3 Rfd8 21. Bb4 Qe8
22. Rad1 Nf8 23. Ne5 N8d7 24. Nd3 Nf8 25. Bc3 Ng6 26. g3 Ne7 27. Qb3 Rab8 28.
Nc5 Nc8 29. Qc2 Na7 30. b4 Nb5 31. Bb2 Bd6 32. Rd3 Bxc5 33. bxc5 Rd7 34. Rfd1
Rbd8 35. Qf2 Qe7 36. Qe3 Re8 37. Kg2 Qd8 38. Qd2 Qc7 39. Kh1 Qd8 40. g4 Nh7 41.
Rg1 Qh4 42. g5 hxg5 43. Rg4 Qh6 44. fxg5 Qg6 45. h4 f5 46. gxf6 Qxf6 47. Qg2
Qh6 48. Qg3 e5 49. Rg6 Qf4 50. Qxf4 exf4 51. d5 cxd5 52. exd5 Re3 53. Rxe3 fxe3
54. Re6 Nc7 55. Rxe3 Nxd5 56. Rb3 Nhf6 57. Be5 1-0

[Event "XI Weekend A"]
[Site "Ivrea ITA"]
[Date "2005.05.28"]
[Round "2"]
[White "Gussone, Claudio"]
[Black "Avetta, Gianmario"]
[Result "1-0"]
[WhiteElo "1911"]
[BlackElo "1649"]
[PlyCount "67"]
[EventDate "2005.05.27"]

1. Nf3 Nf6 2. g3 g6 3. Bg2 Bg7 4. O-O O-O 5. c4 c5 6. Nc3 Nc6 7. e4 d6 8. d3
Re8 9. h3 a6 10. Rb1 Rb8 11. Be3 b5 12. e5 Nd7 13. e6 fxe6 14. Ng5 Nd4 15. Bxd4
cxd4 16. Nxe6 Qa5 17. Nd5 Bb7 18. b4 Qxa2 19. Nec7 Bxd5 20. Bxd5+ Kh8 21. c5
Qxd5 22. Nxd5 dxc5 23. bxc5 Rbc8 24. c6 Rxc6 25. Rc1 Rd6 26. Nc7 Rb8 27. Re1 e5
28. Qf3 Rf8 29. Qb7 Rb8 30. Qa7 Rbb6 31. Ne6 Rxe6 32. Qxd7 Bf8 33. Rc8 Rf6 34.
Rcc1 1-0

[Event "XI Weekend A"]
[Site "Ivrea ITA"]
[Date "2005.05.28"]
[Round "2"]
[White "Perissinotto, Claudio"]
[Black "Rodriguez Alvarez, Alan"]
[Result "0-1"]
[WhiteElo "2098"]
[BlackElo "2103"]
[PlyCount "34"]
[EventDate "2005.05.27"]

1. e4 c5 2. Nf3 Nc6 3. d4 cxd4 4. Nxd4 Nf6 5. Nc3 e5 6. Ndb5 d6 7. Bg5 a6 8.
Na3 b5 9. Bxf6 gxf6 10. Nd5 Bg7 11. Bd3 Ne7 12. c3 Nxd5 13. exd5 f5 14. Nc2 Qg5
15. O-O Rg8 16. a4 e4 17. Qe2 Kf8 0-1

[Event "XI Weekend A"]
[Site "Ivrea ITA"]
[Date "2005.05.28"]
[Round "2"]
[White "Ranieri, Fabrizio"]
[Black "Sbarra, Marco"]
[Result "1/2-1/2"]
[WhiteElo "2198"]
[BlackElo "2260"]
[PlyCount "62"]
[EventDate "2005.05.27"]

1. e4 c5 2. Nf3 Nc6 3. d4 cxd4 4. Nxd4 e6 5. Nc3 Qc7 6. Be3 a6 7. Be2 b5 8. O-O
Bb7 9. Nxc6 Bxc6 10. a3 Nf6 11. Qd3 d5 12. exd5 Nxd5 13. Nxd5 Bxd5 14. Bd4 Bd6
15. h3 O-O 16. c3 Rad8 17. Qc2 e5 18. Be3 Qc6 19. f3 Bc5 20. Bxc5 Qxc5+ 21. Kh1
a5 22. Bd3 g6 23. Rfe1 Rfe8 24. b4 axb4 25. cxb4 Qxc2 26. Bxc2 Bc4 27. a4 Rd2
28. Be4 bxa4 29. Rxa4 Rb8 30. Ra8 Rxa8 31. Bxa8 Rb2 1/2-1/2

[Event "XI Weekend A"]
[Site "Ivrea ITA"]
[Date "2005.05.28"]
[Round "2"]
[White "Rosso, Marco"]
[Black "Laurenti, Stefano"]
[Result "0-1"]
[WhiteElo "1958"]
[BlackElo "1868"]
[PlyCount "128"]
[EventDate "2005.05.27"]

1. d4 Nf6 2. c4 e6 3. Nf3 b6 4. g3 Ba6 5. b3 Bb4+ 6. Bd2 Be7 7. Bg2 c6 8. Nc3
d5 9. Ne5 Nfd7 10. Nxd7 Nxd7 11. cxd5 exd5 12. O-O Bf6 13. Bf4 Nf8 14. b4 Ne6
15. Be3 Bb7 16. Rc1 Qd7 17. Na4 h5 18. h3 Bg5 19. Bxg5 Nxg5 20. Kh2 Bc8 21. Qc2
Nxh3 22. Qxc6 Qxc6 23. Rxc6 Bd7 24. Rc7 h4 25. Bxh3 hxg3+ 26. Kxg3 Rxh3+ 27.
Kg2 Rh6 28. Rxd7 Kxd7 29. Nc3 Rg6+ 30. Kf3 Ke6 31. Ke3 Rc8 32. Kd3 Rh6 33. Rg1
g6 34. Rg5 f6 35. Rg3 g5 36. Re3+ Kd6 37. Nb5+ Kd7 38. Nc3 Rh1 39. Rf3 Ke6 40.
Re3+ Kf7 41. Nxd5 Rd1+ 42. Ke4 Ke6 43. Nc3 Rd2 44. d5+ Kf7 45. Rd3 Rc4+ 46. Ke3
Rxd3+ 47. Kxd3 Rxb4 48. e4 Ke7 49. f3 Kd6 50. a3 Rb2 51. a4 a6 52. Nd1 Rh2 53.
Ne3 Ra2 54. Nc4+ Kc5 55. a5 b5 56. Nb6 Kd6 57. Nc8+ Kc7 58. Ne7 Ra3+ 59. Ke2
Kd6 60. Nc6 Kc5 61. Kf2 b4 62. e5 fxe5 63. Nxe5 Kxd5 64. Nd7 b3 0-1

[Event "XI Weekend A"]
[Site "Ivrea ITA"]
[Date "2005.05.28"]
[Round "3"]
[White "Aglietti, Graziano"]
[Black "Gussone, Claudio"]
[Result "1-0"]
[WhiteElo "2048"]
[BlackElo "1911"]
[PlyCount "31"]
[EventDate "2005.05.27"]

1. e4 d6 2. d4 Nf6 3. Nc3 g6 4. Bg5 Bg7 5. f4 c6 6. Nf3 Bg4 7. h3 Bxf3 8. Qxf3
Qa5 9. O-O-O b5 10. e5 dxe5 11. dxe5 Nfd7 12. Bxb5 h6 13. Bh4 g5 14. Bxc6 Nxc6
15. Qxc6 Qd8 16. Rxd7 1-0

[Event "XI Weekend A"]
[Site "Ivrea ITA"]
[Date "2005.05.28"]
[Round "3"]
[White "Avetta, Gianmario"]
[Black "Rosso, Marco"]
[Result "0-1"]
[WhiteElo "1649"]
[BlackElo "1958"]
[PlyCount "84"]
[EventDate "2005.05.27"]

1. d4 d5 2. c4 c6 3. Nf3 Nf6 4. e3 Bf5 5. cxd5 cxd5 6. Bd3 Bxd3 7. Qxd3 e6 8.
Bd2 Bd6 9. Nc3 Nc6 10. O-O O-O 11. Nb5 Bb8 12. Rfc1 a6 13. Na3 Ne4 14. Be1 Bd6
15. Rc2 Bb4 16. Qb3 Bxe1 17. Rxe1 Qd7 18. Rec1 Rfc8 19. Nb1 h6 20. Nbd2 Nd6 21.
a3 Na5 22. Qb4 Nac4 23. Nxc4 Nxc4 24. Nd2 b5 25. Nb3 a5 26. Qe1 Qe8 27. Nc5 e5
28. Qc3 e4 29. Qb3 Rc7 30. Qa2 a4 31. Rc3 Rca7 32. R1c2 Qd8 33. h3 Qg5 34. b3
axb3 35. Nxb3 Rxa3 36. Nc1 Rxa2 37. Nxa2 Qh5 38. Nb4 Ra4 39. Nc6 b4 40. Rxc4
dxc4 41. Rxc4 Ra1+ 42. Kh2 Qe2 0-1

[Event "XI Weekend A"]
[Site "Ivrea ITA"]
[Date "2005.05.28"]
[Round "3"]
[White "Castellano, Alfonso"]
[Black "Perissinotto, Claudio"]
[Result "0-1"]
[WhiteElo "1913"]
[BlackElo "2098"]
[PlyCount "60"]
[EventDate "2005.05.27"]

1. c4 e5 2. Nc3 Nc6 3. g3 g6 4. Bg2 Bg7 5. e4 Nge7 6. Nge2 d6 7. d3 O-O 8. O-O
Be6 9. Be3 Qd7 10. Nd5 Nd8 11. d4 f5 12. Bg5 Nec6 13. Nxc7 Bxc4 14. Nxa8 exd4
15. Qd2 Ne6 16. Rfe1 Nxg5 17. Qxg5 d3 18. Nc3 Nd4 19. Rac1 Rxa8 20. exf5 Qxf5
21. Qxf5 gxf5 22. Rcd1 Kf8 23. Rd2 Rb8 24. f4 Nc2 25. Rc1 Bd4+ 26. Kh1 Be3 27.
Rcxc2 dxc2 28. Rxc2 Bd3 29. Nd5 Bxc2 30. Nxe3 Be4 0-1

[Event "XI Weekend A"]
[Site "Ivrea ITA"]
[Date "2005.05.28"]
[Round "3"]
[White "Guglielmi, Nicolo'"]
[Black "Laurenti, Stefano"]
[Result "0-1"]
[WhiteElo "1980"]
[BlackElo "1868"]
[PlyCount "111"]
[EventDate "2005.05.27"]

1. Nf3 d5 2. d4 Nf6 3. c4 e6 4. Nc3 c6 5. e3 Nbd7 6. Bd3 Bd6 7. O-O O-O 8. e4
dxe4 9. Nxe4 Nxe4 10. Bxe4 Nf6 11. Bd3 c5 12. dxc5 Bxc5 13. Qc2 Qc7 14. Bg5 h6
15. Bh4 b6 16. Bxf6 gxf6 17. Be4 Rb8 18. Qc3 f5 19. Bc2 Bb7 20. Rac1 Qf4 21.
Qe5 Qg4 22. Bd1 Rbd8 23. Be2 Bd6 24. Qf6 Qh5 25. h3 Bc5 26. Rc3 Qg6 27. Qh4 Rd4
28. g4 Rf4 29. Ne5 Qg7 30. Nd7 fxg4 31. Rg3 f5 32. Nxf8 Bxf8 33. hxg4 Kh8 34.
Qh5 Bc5 35. g5 Kh7 36. Qe8 Qe7 37. Qh5 Qg7 38. g6+ Kh8 39. Rh3 Bf8 40. Rd3 Qf6
41. Rh3 Qxb2 42. Rh2 Qf6 43. Rd1 Bc6 44. Qh3 Qxg6+ 45. Kf1 Kh7 46. Bh5 Qg8 47.
f3 e5 48. Rg2 Qxc4+ 49. Re2 Bb5 50. Qg2 Qxe2+ 51. Qxe2 Bxe2+ 52. Kxe2 a6 53.
Rd7+ Bg7 54. Rd6 Rb4 55. Bg6+ Kg8 56. Bxf5 0-1